Analýza správania sa vybranej firmy na trhovej štruktúre oligopolu diplomová práca

Guardado en:
Detalles Bibliográficos
Autor principal: Brázdil, Marián
Autor Corporativo: Fakulta podnikového manažmentu EU. Katedra podnikovohospodárska
Otros Autores: Kintler, Jakub, 1979-
Formato: Libro
Lenguaje:eslovaco
Publicado: Bratislava 2018
Etiquetas: Agregar Etiqueta
Sin Etiquetas, Sea el primero en etiquetar este registro!

MARC

LEADER 00000nbm a2200000 4500
001 0244908
005 20181004110921.3
041 0 |a slo 
044 |a SK 
245 1 0 |a Analýza správania sa vybranej firmy na trhovej štruktúre oligopolu  |b diplomová práca  |c Marián Brázdil ; školiteľ: Jakub Kintler 
264 1 |a Bratislava  |c 2018 
300 |a 77 s. 
100 1 |a Brázdil, Marián 
700 1 |a Kintler, Jakub, 1979- 
710 2 |a Fakulta podnikového manažmentu EU. Katedra podnikovohospodárska